Normal view
MARC view
- Agarwal , Manu. Dr
Entry Personal Name
001 - CONTROL NUMBER
- control field: 63719
003 - CONTROL NUMBER IDENTIFIER
- control field: NUST
005 - DATE AND TIME OF LATEST TRANSACTION
- control field: 20210628203149.0
008 - FIXED-LENGTH DATA ELEMENTS
- fixed length control field: 210628|| aca||aabn | a|a d
040 ## - CATALOGING SOURCE
- Original cataloging agency: NUST
- Transcribing agency: NUST
100 ## - HEADING--PERSONAL NAME
- Personal name: Agarwal , Manu. Dr
670 ## - SOURCE DATA FOUND
- Source citation: Work cat.: (NUST): Agarwal , Manu. Dr, Solved numerical problems in financial management, 2006
